Statistics for Destiny the Game

Click here to take the quiz!

General Stats

  • This quiz has been taken 10,940 times
    (9,938 since last reset)
  • The average score is 34 of 56

Answer Stats

HintAnswer% Correct
Sells exotic weapons, armour and engrams to guardiansXur
97%
First class (alphabetically)Hunter
96%
Second class (alphabetically)Titan
96%
Third class (alphabeticallyWarlock
95%
Blue weapon or armour classRare
88%
Yellow/Gold weapon or armour classExotic
88%
Purple weapon or armour classLegendary
88%
Vehicle your Guardian can summon on landSparrow
87%
Final boss in raid 2Crota
85%
White weapon or armour classCommon
84%
Material found on Earth (Cosmodrome)Spinmetal
83%
Answer 1 Vanguard LeaderCayde-6
80%
Green weapon or armour classUncommon
79%
Final boss in raid 1Atheon
79%
Answer 2 Vanguard LeaderZavala
77%
Material found on MarsRelic Iron
75%
Material found on the DreadnaughtWormspore
73%
Final boss in Level 35 Prison of EldersSkolas
73%
Material found on VenusSpirit Bloom
72%
Who says "I don't have time to explain, why I don't have time to explain"?The Stranger
72%
Answer 1 class itemCloak/Hood
71%
Material found on the MoonHelium Filaments
70%
Answer 3 class itemBond
70%
Answer 2 class itemMark
67%
Blue damageArc
67%
Heavy weapon 2 (alphabetically)Rocket Launcher
67%
Heavy weapon 1 (alphabetically)Machine Gun
65%
Vehicle used by Fallen to travel around on landPike
63%
Heavy weapon 3 (alphabetically) new in expansion 3Sword
61%
Maximum number of players in a fireteam6
61%
Purple damageVoid
61%
Orange damageSolar
60%
Answer 3 Vanguard LeaderIkora Rey
59%
Sniper Rifle from year 1 which regenerated ammo over timeIce Breaker
57%
Name of your companionGhost
56%
Item which changes the colour of your Guardian's armourShader
54%
Expansion 3 raid bossOryx
51%
New enemy type from expansion 3Taken
51%
If a player dies during the raid in the Dark Below expansion, what appears and wipes the entire teamOversoul
50%
Most desired weapon in Destiny year 1Gjallarhorn
50%
Final boss in Devil's Lair StrikeSepiks Prime
48%
Final boss in the Will of Crota StrikeOmnigul
45%
Expansion 3The Taken King
45%
Final bosses in the Dust Palace StrikePsion Flayers
39%
Final boss in the Summoning Pits StrikePhogoth, The Untamed
39%
Final boss in the Shadow Thief StrikeTaniks
38%
Sniper rifle discovered in the Lost to Light missionBlack Spindle
37%
Name of the character who gives out Queen's Bounties (she throws a knife)Petra Venj
37%
Currency with initials MOLMotes of Light
37%
Vehicle used by Cabal to travel around on landInterceptor
36%
Currency with initials SCStrange Coins
35%
Weapon earned from completing Jolly Holliday questThe Chaperone
34%
Final boss in Winter's Run StrikeAksor, Archon Priest
31%
Final boss in the Undying Mind StrikeThe Undying Mind
26%
Final boss in the Cerberus Vae III StrikeValus Ta'aurc
18%
Final boss in Nexus StrikeSekrion
12%

Score Distribution

Percentile by Number Answered

Percent of People with Each Score

Your Score History

You have not taken this quiz since the last reset